|
|
|
|
| LEADER |
01232ppm a22003018a 4500 |
| 001 |
00027143 |
| 005 |
20171026081025.0 |
| 008 |
111007s2009 ||||||viesd |
| 041 |
0 |
# |
|a vie
|
| 082 |
1 |
4 |
|b Đ103C
|a 539.7
|
| 100 |
1 |
# |
|a Bùi, Ngọc Phép
|
| 245 |
1 |
0 |
|a Đại cương về các hạt cơ bản và sự hình thành vũ trụ theo thuyết Big Bang
|b Khóa luận tốt nghiệp : Ngành Sư phạm Lý - KTCN : Trình độ : Cao đẳng
|c Bùi Ngọc Phép; Huỳnh Vĩnh Phúc hướng dẫn
|
| 260 |
# |
# |
|a Đồng Tháp
|b Trường Đại học Đồng Tháp
|c 2009
|
| 300 |
# |
# |
|a 49 tr.
|c 30 cm.
|b hình vẽ
|e 1 bản tóm tắt
|
| 500 |
# |
# |
|a ĐTTTS ghi: Bộ Giáo dục và Đào tạo. Trường Đại học Đồng Tháp
|
| 502 |
# |
# |
|a Thư mục : tr.49
|
| 650 |
|
|
|a Vật lí
|
| 653 |
# |
# |
|a Hạt
|
| 653 |
# |
# |
|a Thuyết Big Bang
|
| 653 |
# |
# |
|a Vũ trụ
|
| 700 |
1 |
# |
|a Huỳnh, Vĩnh Phúc
|e hướng dẫn
|
| 852 |
# |
# |
|b Kho đọc
|j KD.0011709
|
| 852 |
# |
# |
|j KD.0011709
|
| 910 |
# |
# |
|a Ntuyet
|d 07/10/2011
|
| 980 |
# |
# |
|a Trung tâm Học liệu Lê Vũ Hùng, Trường Đại học Đồng Tháp
|